000 00529nam a22002297a 4500
003 UA-OsUOA
001 62918
007 ta
008 20090914b un ||||| |||| 00| 0 ukr d
100 _aЄлізаров К. Н.
090 _a53
_bЕ99
942 _cBK
040 _aUA-OsUOA
_bukr
_cUA-OsUOA
_dUA-OsUOA
245 _aОрганізація уроку фізики
300 _a169 с.
955 _a2
041 _aukr
080 _a53
260 _aК.
_c1954
650 7 _a53 Фізика
_2UDC
999 _c348847
_d348847